1530 1936 1394 1077 1265 1558 1592 1411 1945 1577 1008 1198 1045 1064 1952 1425 1596 1216 1880 1548 1446 1483 1708 1523 1274 1360 1718 1334 1872 1550 1094 1303 1335 1680 1814 1360 1333 1297 1738 1694 1922 1296 1613 1403 1028 1307 1929 1813 1129 1479 1719 1203 1683 1093 1321 1434 1842 1882 1360 1939 1238 1511 1855 1430 1815 1929 1748 1586 1632 1853 1466 1195 1016 1762 1361 1764 1946 1766 1598 1786 1103 1947 1846 1282 1211 1431 1421 1986 1704 1814 1448 1665 1853 1194 1626 1863 1694 1581 1341 BCNSPRNW ULIB Ver.6.0+V

เปลี่ยนเป็นภาษาไทย

Change to English
 แสดงรายละเอียดบรรณานุกรม
  กลับหน้าหลัก

Brief Record : Get Marc (ISO 2709) : E-mail record : QR code < ปิดหน้าต่าง
LEADER : 00000nam 2200000uu 4500
001    13399120145
003     ULIB
008    120905s2553||||th 000 0 tha d
020    ^a9789744659408
060 04 ^aWY100^bอ695ค
100 0  ^aอภิญญา เพียรพิจารณ์
245 10 ^aคู่มือปฏิบัติการพยาบาล ^nเล่ม 1 /^cอภิญญา เพียรพิจารณ์
250    ^aพิมพ์ครั้งที่ 4
260    ^aนนทบุรี :^bโครงการสวัสดิการวิชาการ สถาบันพระบรมราชชนก,^c2553
300    ^a195 หน้า :^bภาพประกอบ
504    ^aมีบรรณานุกรมและดัชนี
650  7 ^aการพยาบาล^vคู่มือ
710 2  ^aสถาบันพระบรมราชชนก. ^bโครงการสวัสดิการวิชาการ
945    ^p250^l0^i032691
945    ^p250^l0^i032692
945    ^p250^l0^i032693
945    ^p250^l0^i032694
945    ^p250^l0^i032695
995    ^aทศพร
999    ^aทศพร
รายการนี้ยังไม่มีแท็ก
คุณยังไม่ได้ล็อกอิน คุณสามารถมีกิจกรรมร่วมกับเว็บไซต์ได้ แต่ต้องล็อกอินก่อน ::
  ล็อกอิน

รายการสื่อสารสนเทศ

ลำดับที่ ประเภท เลขเรียก/บาร์โค้ด สถานที่ สถานะ
1. วิทยาศาสตร์การแพทย์ และสุขภาพ
หนังสือสำรอง
สถานะ=หนังสือสำรอง
WY100 อ695ค ฉ.1 
  Barcode: 032691
ห้องสมุดวิทยาเขตสวรรค์ประชารักษ์
►ส่วนจัดเก็บหนังสือเก่า สปร
บนชั้น
  ขอยืม
2. วิทยาศาสตร์การแพทย์ และสุขภาพ
วิทยาศาสตร์การแพทย์ และสุขภาพ
WY100 อ695ค ฉ.4 
  Barcode: 032694
ห้องสมุดวิทยาเขตสวรรค์ประชารักษ์
►ส่วนจัดเก็บหนังสือเก่า สปร
บนชั้น
  ขอยืม
3. วิทยาศาสตร์การแพทย์ และสุขภาพ
วิทยาศาสตร์การแพทย์ และสุขภาพ
WY100 อ695ค ฉ.5 
  Barcode: 032695
ห้องสมุดวิทยาเขตสวรรค์ประชารักษ์
►ส่วนจัดเก็บหนังสือเก่า สปร
บนชั้น
  ขอยืม

รายการใกล้เคียง
    ผู้แต่ง [อภิญญา เพียรพิจารณ์]

BibComment


ยังไม่เคยถูกคอมเมนท์

คอมเมนท์ทรัพยากรรายการนี้
  คอมเมนท์: คู่มือปฏิบัติการ..


 Copyright 2026. Bcnsprnw @Library